| Tag |
First Indicator |
Second Indicator |
Subfields |
| LEADER |
00000cam a2200000 4500 |
| 001 |
in00003491908 |
| 005 |
20151206122741.0 |
| 008 |
750514s1968 cu |||||||spa u |
| 010 |
|
|
|a 79203005
|
| 035 |
|
|
|a (OCoLC)ocm01331952
|
| 040 |
|
|
|c NAM
|d TNY
|d UtOrBLW
|
| 090 |
|
|
|a PQ7390.F8
|b C6
|
| 100 |
1 |
|
|a Fuentes, Norberto.
|
| 245 |
1 |
0 |
|a Condenados de Condado.
|
| 250 |
|
|
|a [1 ed.
|
| 264 |
|
1 |
|a La Habana] :
|b Casa [de las Americas],
|c 1968.
|
| 300 |
|
|
|a 170 pages ;
|c 19 cm.
|
| 336 |
|
|
|a text
|b txt
|2 rdacontent
|
| 337 |
|
|
|a unmediated
|b n
|2 rdamedia
|
| 338 |
|
|
|a volume
|b nc
|2 rdacarrier
|
| 490 |
1 |
|
|a Coleccion Premio
|
| 541 |
|
|
|a HILTON
|
| 830 |
|
0 |
|a Colección Premio (Havana, Cuba)
|
| 999 |
|
|
|a MARS
|
| 999 |
f |
f |
|s 87a70c97-d3e3-311d-8311-0aedd9c64093
|i 7a6b6919-29fd-3fd9-86b9-6d2974155713
|t 0
|
| 952 |
f |
f |
|p ric
|a Texas A&M University
|b Rellis Campus
|c Joint Library Facility
|d Remote Storage
|t 0
|e PQ7390.F8 C6
|h Library of Congress classification
|i unmediated -- volume
|m 32060004060220
|
| 998 |
f |
f |
|a PQ7390.F8 C6
|t 0
|l Remote Storage
|